Ťažkosti nielen s normami, ale aj s obchodom
Potravinársky priemysel v Slovenskej republike sa vyrovnáva s pôsobením na spoločnom trhu EÚ. Názory na dynamiku rastu výdavkov na potraviny obyvateľov Slovenska. Hospodársky výsledok potravinárskeho priemyslu SR v roku 2004. Potravinársky priemysel a obchodné reťazce. Slovenskí spotrebitelia. Pos...
Gespeichert in:
| 1. Verfasser: | |
|---|---|
| Format: | Buchkapitel |
| Sprache: | Slowakisch |
| Schlagworte: | |
| Tags: |
Keine Tags, Fügen Sie das erste Tag hinzu!
|
MARC
| LEADER | 00000naa$a2200000$$$4500 | ||
|---|---|---|---|
| 001 | 0029038 | ||
| 005 | 20231006120638.6 | ||
| 041 | 0 | |a slo | |
| 044 | |a SK | ||
| 245 | 1 | 0 | |a Ťažkosti nielen s normami, ale aj s obchodom |c Stanislav Nemec |
| 520 | |a Potravinársky priemysel v Slovenskej republike sa vyrovnáva s pôsobením na spoločnom trhu EÚ. Názory na dynamiku rastu výdavkov na potraviny obyvateľov Slovenska. Hospodársky výsledok potravinárskeho priemyslu SR v roku 2004. Potravinársky priemysel a obchodné reťazce. Slovenskí spotrebitelia. Postavenie mlynárenského priemyslu v potravinárskej výrobe. | ||
| 610 | 2 | 0 | |a Európska únia |
| 610 | 2 | 0 | |a obchod |
| 610 | 2 | 0 | |a Slovensko |
| 610 | 2 | 0 | |a potraviny |
| 610 | 2 | 0 | |a priemysel mliekarský |
| 610 | 2 | 0 | |a rentabilita |
| 610 | 2 | 0 | |a výroba poľnohospodárska |
| 610 | 2 | 0 | |a reťazce obchodné |
| 610 | 2 | 0 | |a spotrebitelia |
| 610 | 2 | 0 | |a konkurencia |
| 610 | 2 | 0 | |a normy medzinárodné |
| 100 | 1 | |a Nemec, Stanislav | |